000 00426nam a2200157 i 4500
001 59920
003 ES-MaACL
005 20230906164124.0
007 t|
008 031031s1921 fr ||||1| fre d
100 1 _aEscholier, Raymond.
_947541
245 1 0 _aCantegril
_b: roman /
_cRaymond Escholier.
260 _aParis :
_b[s.n.],
_c1921 (
_eCorbeil :
_fCrété)
300 _a286 p. ;
_c19 cm.
852 _aES-MaACL
_jF-12105
999 _c59920
_d59920